Southville International School and Colleges
Your cart is empty.
  • Cart
  • Lists
    Public lists Eva Luna New books Lux_list list_1
    Your lists Log in to create your own lists
  • Log in to your account
  • Your cookies
  • Search history
Southville International School and Colleges
  • Advanced search
  • Recent comments
  • Most popular
  • Libraries

Log in to your account

Log in with GOOGLE


If you do not have an external account, but do have a local account, you can still log in:

  1. Home
  2. MARC view: Educating children with facial disfigurement :
Normal view MARC view ISBD view

Educating children with facial disfigurement : (Record no. 291070)

[ view plain ]
MARC details
000 -LEADER
fixed length control field 00773nam a2200277Ia 4500
008 - FIXED-LENGTH DATA ELEMENTS--GENERAL INFORMATION
fixed length control field 160303s9999 xx 000 0 und d
020 ## - INTERNATIONAL STANDARD BOOK NUMBER
International Standard Book Number 0-415-28045-1
050 ## - LIBRARY OF CONGRESS CALL NUMBER
Classification number MAIN LC 4019
050 ## - LIBRARY OF CONGRESS CALL NUMBER
Item number .F73 2004
100 ## - MAIN ENTRY--PERSONAL NAME
Personal name Frances, Jane
245 ## - TITLE STATEMENT
Title Educating children with facial disfigurement :
245 ## - TITLE STATEMENT
Remainder of title creating inclusive school communities /
245 ## - TITLE STATEMENT
Statement of responsibility, etc Jane Frances.
260 ## - PUBLICATION, DISTRIBUTION, ETC. (IMPRINT)
Place of publication, distribution, etc London :
260 ## - PUBLICATION, DISTRIBUTION, ETC. (IMPRINT)
Name of publisher, distributor, etc Routledge Falmer.
260 ## - PUBLICATION, DISTRIBUTION, ETC. (IMPRINT)
Date of publication, distribution, etc 2004
300 ## - PHYSICAL DESCRIPTION
Extent 117 pages :
300 ## - PHYSICAL DESCRIPTION
Other physical details color illustrations ;
300 ## - PHYSICAL DESCRIPTION
Dimensions 25 cm.
500 ## - GENERAL NOTE
General note Includes bibliographical references and index.
650 ## - SUBJECT ADDED ENTRY--TOPICAL TERM
Topical term or geographic name as entry element Children with disabilities --
650 ## - SUBJECT ADDED ENTRY--TOPICAL TERM
Topical term or geographic name as entry element Face --
650 ## - SUBJECT ADDED ENTRY--TOPICAL TERM
Topical term or geographic name as entry element Inclusive education.
650 ## - SUBJECT ADDED ENTRY--TOPICAL TERM
General subdivision Abnormalities.
650 ## - SUBJECT ADDED ENTRY--TOPICAL TERM
General subdivision Education.
Holdings
Withdrawn status Lost status Damaged status Home library Current library Shelving location Date acquired Cost, normal purchase price Total Checkouts Full call number Barcode Date last seen Price effective from Koha item type
      South Mansfield College South Mansfield College Reserve Section   2.00   MAIN LC 4019 .F73 2004 SMC00305 03/03/2016 03/03/2016  

Educating children with facial disfigurement :

APA

Frances J., .Educating children with facial disfigurement. London: .

Chicago

Frances Jane, .Educating children with facial disfigurement. London: .

Harvard

Frances J., .Educating children with facial disfigurement. London: .

MLA

Frances Jane, .London: . .

  • Place hold
  • Print
  • Cite
  • Add to your cart (remove)
  • Save record
    BIBTEX Dublin Core MARCXML MARC (non-Unicode/MARC-8) MARC (Unicode/UTF-8) MARC (Unicode/UTF-8, Standard) MODS (XML) RIS
  • More searches
    Search for this title in:
    Other Libraries (WorldCat) Other Databases (Google Scholar) Online Stores (Bookfinder.com) Open Library (openlibrary.org)

Exporting to Dublin Core...

SOUTHVILLE LIBRARY

Southville International School and Colleges Library

1281 Tropical Ave. Cor. Luxembourg St., BF Homes International, Las Pinas City

Tel. No. 8256374 / 252358 Loc. 117/146

Powered by Koha